[Event "CYCC U12 w"]
[Site "Windsor CAN"]
[Date "2010.07.07"]
[Round "3"]
[White "Forshaw, Erica"]
[Black "Giblon, Melissa"]
[Result "0-1"]
[WhiteElo "1152"]
[BlackElo "1344"]
[PlyCount "144"]
[EventDate "2010.07.06"]
[EventType "tourn"]
[EventRounds "6"]
[EventCountry "CAN"]

1. e4 e5 2. Nf3 Nc6 3. Nc3 Nf6 4. d4 exd4 5. Nxd4 Bb4 6. Nxc6 bxc6 7. Bd3 O-O
8. a3 Be7 9. e5 Ne8 10. Qh5 g6 11. Qf3 Bb7 12. Bh6 Ng7 13. Qg3 Re8 14. O-O-O
Bh4 15. Qf4 Ne6 16. Qd2 Bg5 17. Bxg5 Qxg5 18. Qxg5 Nxg5 19. f4 Ne6 20. Ne4 Kg7
21. Rhf1 Red8 22. g4 d5 23. Ng3 c5 24. f5 Nd4 25. c3 Nc6 26. f6+ Kg8 27. Rfe1
Re8 28. Bb5 Rxe5 29. Rxe5 Nxe5 30. h3 c6 31. Re1 cxb5 32. Rxe5 a5 33. Re7 Rb8
34. Rc7 c4 35. Ne2 Kf8 36. Nd4 b4 37. axb4 axb4 38. cxb4 Ke8 39. Re7+ Kf8 40.
Kc2 Ba8 41. Kc3 Re8 42. Rxe8+ Kxe8 43. b3 cxb3 44. Kxb3 Kd7 45. b5 Kc7 46. Kb4
Kb6 47. g5 Bb7 48. h4 Bc8 49. Nf3 Bd7 50. Nd4 Be8 51. Ka4 Kc5 52. Ka5 Kxd4 53.
b6 Bc6 54. Kb4 Ke3 55. Kc3 d4+ 56. Kc2 Ke2 57. b7 Bxb7 58. h5 d3+ 59. Kc3 gxh5
60. g6 hxg6 61. Kd4 d2 62. Ke5 d1=Q 63. Kf4 Qf1+ 64. Kg5 Qf5+ 65. Kh6 Qxf6 66.
Kh7 Kf3 67. Kh6 Ke4 68. Kh7 Ke5 69. Kh6 Ke6 70. Kh7 Ke7 71. Kh6 Kf8 72. Kh7
Qg7# 0-1

[Event "CYCC U12 w"]
[Site "Windsor CAN"]
[Date "2010.07.07"]
[Round "3"]
[White "Peng, Jackie"]
[Black "Sametova, Zhanna"]
[Result "1-0"]
[WhiteElo "1800"]
[BlackElo "1428"]
[PlyCount "70"]
[EventDate "2010.07.06"]
[EventType "tourn"]
[EventRounds "6"]
[EventCountry "CAN"]

1. e4 c5 2. Nf3 Nc6 3. d4 cxd4 4. Nxd4 Nf6 5. Nc3 d6 6. Bg5 e6 7. Qd2 Be7 8.
O-O-O a6 9. f4 Nxd4 10. Qxd4 Qa5 11. e5 dxe5 12. fxe5 Nd5 13. Bxe7 Nxe7 14. Kb1
Nc6 15. Qh4 O-O 16. Bd3 g6 17. Ne4 Qxe5 18. Nf6+ Kg7 19. Rdf1 h6 20. Qf2 Ne7
21. Ng4 Qg5 22. h4 Qxg4 23. Qf6+ Kg8 24. Qxe7 Qg3 25. h5 Qg5 26. Qd6 gxh5 27.
Rh3 e5 28. Rhf3 Bg4 29. Rf6 Rad8 30. Qe7 b5 31. Bg6 Rd7 32. Bh7+ Kg7 33. Rxf7+
Rxf7 34. Rxf7+ Kh8 35. Rf8+ Qg8 1-0

[Event "CYCC U12 w"]
[Site "Windsor CAN"]
[Date "2010.07.07"]
[Round "3"]
[White "Tao, Rachel"]
[Black "Bacic, Joyce"]
[Result "1-0"]
[WhiteElo "1186"]
[BlackElo "821"]
[PlyCount "57"]
[EventDate "2010.07.06"]
[EventType "tourn"]
[EventRounds "6"]
[EventCountry "CAN"]

1. e4 d5 2. exd5 Qxd5 3. Nc3 Qe6+ 4. Be2 Qd7 5. Nf3 e5 6. Nxe5 Qe7 7. Nf3 Nc6
8. O-O Nf6 9. Re1 Qd8 10. Bb5+ Be7 11. d4 O-O 12. Bxc6 bxc6 13. Bg5 Nd7 14.
Bxe7 Qe8 15. Bxf8 Qxf8 16. d5 cxd5 17. Nxd5 Kh8 18. Nxc7 Rb8 19. Re8 Qxe8 20.
Nxe8 Ba6 21. Qxd7 Bb5 22. Qxf7 Rxe8 23. Re1 h6 24. Rxe8+ Bxe8 25. Qxe8+ Kh7 26.
Nh4 g5 27. Qg6+ Kh8 28. Nf5 h5 29. Qg7# 1-0

[Event "CYCC U12 w"]
[Site "Windsor CAN"]
[Date "2010.07.07"]
[Round "4"]
[White "Croucher, Rebecca"]
[Black "Peng, Jackie"]
[Result "0-1"]
[WhiteElo "972"]
[BlackElo "1800"]
[PlyCount "74"]
[EventDate "2010.07.06"]
[EventType "tourn"]
[EventRounds "6"]
[EventCountry "CAN"]

1. e4 c5 2. d4 cxd4 3. Qxd4 Nc6 4. Qd1 Nf6 5. Nc3 d6 6. Nf3 g6 7. g3 Bg7 8. Bg2
O-O 9. O-O Bg4 10. Bg5 Qd7 11. Qe2 Rac8 12. Rae1 Nd4 13. Qd3 Nxf3+ 14. Bxf3 Bh3
15. Bg2 h6 16. Bxf6 Bxf6 17. Nd5 Bxb2 18. Qb3 Bxg2 19. Kxg2 Bg7 20. Qa3 a6 21.
Nb6 Qc6 22. Nxc8 Rxc8 23. Rc1 Qxe4+ 24. f3 Qf5 25. Rce1 Rxc2+ 26. Rf2 Rxf2+ 27.
Kxf2 Bd4+ 28. Kg2 Bf6 29. Qa4 Kg7 30. Rc1 Qd3 31. Rc8 Qe2+ 32. Kh3 Qf1+ 33. Kg4
h5+ 34. Kf4 e5+ 35. Ke4 Qe2+ 36. Kd5 Qd3+ 37. Qd4 Qxd4# 0-1

[Event "CYCC U12 w"]
[Site "Windsor CAN"]
[Date "2010.07.07"]
[Round "4"]
[White "Giblon, Melissa"]
[Black "Tao, Rachel"]
[Result "1-0"]
[WhiteElo "1344"]
[BlackElo "1186"]
[PlyCount "145"]
[EventDate "2010.07.06"]
[EventType "tourn"]
[EventRounds "6"]
[EventCountry "CAN"]

1. e4 e6 2. d4 d5 3. Nd2 dxe4 4. Nxe4 Nf6 5. Bg5 Be7 6. Nc3 h6 7. Be3 O-O 8.
Nf3 Nc6 9. Be2 b6 10. O-O Bb7 11. Qd2 Ng4 12. Rad1 Na5 13. h3 Nxe3 14. fxe3 Bb4
15. a3 Bxc3 16. Qxc3 Qf6 17. b4 Nc6 18. Ne5 Qg5 19. Nxc6 Rab8 20. Bf3 Bxc6 21.
Bxc6 a5 22. Qd3 axb4 23. axb4 Rfd8 24. Qe2 b5 25. Qf2 f6 26. e4 Rb6 27. d5 exd5
28. Bxd5+ Kh7 29. Qf5+ Qxf5 30. exf5 Rbd6 31. Bf3 Rxd1 32. Rxd1 Rc8 33. Bc6 Rb8
34. Rd7 Rb6 35. Rxc7 Ra6 36. Bxb5 Ra1+ 37. Kf2 Rb1 38. c3 Rb2+ 39. Kf3 h5 40.
g4 hxg4+ 41. hxg4 Kh6 42. Be2 g5 43. fxg6 Kxg6 44. Bd3+ Kh6 45. Rf7 Kg5 46. b5
Rb3 47. Rc7 Ra3 48. Rc5+ Kh6 49. Kf4 Ra4+ 50. Rc4 Ra5 51. Rd4 Ra3 52. c4 Ra2
53. b6 Rf2+ 54. Kg3 Rb2 55. Rd6 Kg7 56. Be4 Rb3+ 57. Kf4 Rb4 58. b7 Rb2 59. Rd8
Rf2+ 60. Bf3 Rc2 61. b8=Q Rxc4+ 62. Be4 Kf7 63. Qb3 Ke7 64. Qxc4 Kxd8 65. Qe6
f5 66. Bc6 Kc7 67. Qd7+ Kb6 68. g5 Kc5 69. g6 Kb4 70. g7 Kc5 71. g8=Q Kb4 72.
Qb8+ Kc5 73. Qb5# 1-0

[Event "CYCC U12 w"]
[Site "Windsor CAN"]
[Date "2010.07.07"]
[Round "4"]
[White "Sametova, Zhanna"]
[Black "Forshaw, Erica"]
[Result "1-0"]
[WhiteElo "1428"]
[BlackElo "1152"]
[PlyCount "117"]
[EventDate "2010.07.06"]
[EventType "tourn"]
[EventRounds "6"]
[EventCountry "CAN"]

1. e4 e5 2. Nf3 Nc6 3. Bb5 a6 4. Ba4 b5 5. Bb3 Bc5 6. O-O Nf6 7. c3 Nxe4 8. d4
exd4 9. Re1 d5 10. cxd4 Bb4 11. Bd2 O-O 12. Bxb4 Nxb4 13. Nc3 Nxc3 14. bxc3 Nc6
15. Ne5 Bb7 16. Qf3 Ne7 17. Nd3 a5 18. a3 a4 19. Ba2 c6 20. Nc5 Rb8 21. Re3 Re8
22. Rae1 Qc7 23. Qh5 g6 24. Qe5 Qxe5 25. Rxe5 Bc8 26. Rxe7 Rxe7 27. Rxe7 Bf5
28. f4 Kf8 29. Re1 Kg7 30. h3 h5 31. Kf2 Kh6 32. Bb1 Bxb1 33. Rxb1 Re8 34. Re1
Rxe1 35. Kxe1 g5 36. g3 gxf4 37. gxf4 Kg6 38. Kf2 Kf5 39. Kf3 Kf6 40. Kg3 Kf5
41. Kf3 Kf6 42. Nd3 Kf5 43. Nb4 Ke6 44. Nxc6 Kd6 45. Nb4 Ke6 46. f5+ Kxf5 47.
Nxd5 Ke6 48. Ke4 f5+ 49. Kf4 Kxd5 50. Kxf5 Kc4 51. Ke6 Kxc3 52. d5 b4 53. d6
bxa3 54. d7 a2 55. d8=Q a1=Q 56. Qh8+ Kb3 57. Qxa1 a3 58. Kf5 a2 59. Kg5 1-0

[Event "CYCC U12 w"]
[Site "Windsor CAN"]
[Date "2010.07.08"]
[Round "5"]
[White "Bacic, Joyce"]
[Black "Giblon, Melissa"]
[Result "0-1"]
[WhiteElo "821"]
[BlackElo "1344"]
[PlyCount "22"]
[EventDate "2010.07.06"]
[EventType "tourn"]
[EventRounds "6"]
[EventCountry "CAN"]

1. d4 d5 2. Nc3 Nf6 3. e4 dxe4 4. Qe2 Bg4 5. f3 exf3 6. gxf3 Bh5 7. d5 Nxd5 8.
Nxd5 Qxd5 9. Bg2 Nc6 10. Qf2 O-O-O 11. f4 Qd1# 0-1

[Event "CYCC U12 w"]
[Site "Windsor CAN"]
[Date "2010.07.08"]
[Round "5"]
[White "Forshaw, Erica"]
[Black "Croucher, Rebecca"]
[Result "1-0"]
[WhiteElo "1152"]
[BlackElo "972"]
[PlyCount "47"]
[EventDate "2010.07.06"]
[EventType "tourn"]
[EventRounds "6"]
[EventCountry "CAN"]

1. e4 e5 2. Nf3 Nc6 3. Bb5 Nf6 4. Nc3 Bc5 5. Bxc6 bxc6 6. Nxe5 d6 7. Nxc6 Qd7
8. d4 Bb6 9. Nb4 O-O 10. Bf4 c5 11. dxc5 dxc5 12. Qxd7 Bxd7 13. Nbd5 Nxd5 14.
Nxd5 Ba5+ 15. c3 Rae8 16. f3 Re6 17. O-O-O Rg6 18. g4 Be6 19. Bd6 Rd8 20. Bxc5
a6 21. b4 Bxb4 22. Ne7+ Kf8 23. Nxg6+ Kg8 24. Rxd8# 1-0

[Event "CYCC U12 w"]
[Site "Windsor CAN"]
[Date "2010.07.08"]
[Round "5"]
[White "Tao, Rachel"]
[Black "Sametova, Zhanna"]
[Result "0-1"]
[WhiteElo "1186"]
[BlackElo "1428"]
[PlyCount "86"]
[EventDate "2010.07.06"]
[EventType "tourn"]
[EventRounds "6"]
[EventCountry "CAN"]

1. e4 c5 2. Nf3 Nc6 3. d4 cxd4 4. Nxd4 Nf6 5. Nc3 d6 6. Be3 g6 7. Bc4 Bg7 8.
O-O O-O 9. Qd2 a6 10. Bb3 Ng4 11. f3 Nxe3 12. Qxe3 Bxd4 13. Qxd4 Nxd4 14. Rfd1
Nxb3 15. axb3 b5 16. e5 Qb6+ 17. Kh1 dxe5 18. Nd5 Qc5 19. b4 Qa7 20. Re1 Be6
21. Rad1 Bxd5 22. Rxd5 f6 23. h3 Rad8 24. Rc5 Rc8 25. Rxc8 Rxc8 26. c3 Qf2 27.
Rb1 Rd8 28. Rg1 Rd2 29. b3 Re2 30. c4 Re1 31. Rxe1 Qxe1+ 32. Kh2 Qxb4 33. cxb5
axb5 34. Kg3 Qxb3 35. h4 b4 36. Kg4 Qc4+ 37. Kh3 b3 38. g4 b2 39. Kg3 b1=Q 40.
Kh3 Qh1+ 41. Kg3 Qf4+ 42. Kf2 Qhh2+ 43. Ke1 Qc1# 0-1

[Event "CYCC U12 w"]
[Site "Windsor CAN"]
[Date "2010.07.08"]
[Round "6"]
[White "Croucher, Rebecca"]
[Black "Tao, Rachel"]
[Result "0-1"]
[WhiteElo "972"]
[BlackElo "1186"]
[PlyCount "180"]
[EventDate "2010.07.06"]
[EventType "tourn"]
[EventRounds "6"]
[EventCountry "CAN"]

1. e4 e6 2. d4 d5 3. Nc3 Bb4 4. Bd2 Bxc3 5. Bxc3 dxe4 6. d5 Nf6 7. f3 exf3 8.
gxf3 O-O 9. Nh3 exd5 10. Qd2 Re8+ 11. Be2 Bxh3 12. O-O-O Nc6 13. Rhg1 Kh8 14.
Qg5 Rg8 15. f4 h6 16. Qg3 Bf5 17. Bf3 Qd6 18. Bxd5 Raf8 19. Qg2 Nb4 20. Bxf7
Qxf4+ 21. Bd2 Qd6 22. Bxg8 Rxg8 23. Bxh6 gxh6 24. Rxd6 Rxg2 25. Rd8+ Kh7 26.
Rxg2 Nxa2+ 27. Kd1 Bg4+ 28. Kd2 Nb4 29. Rf8 Kg7 30. Rd8 Nbd5 31. c4 Nb6 32. Rb8
Nxc4+ 33. Kc3 Ne3 34. Rg1 Nfd5+ 35. Kd4 Kf6 36. Rf8+ Ke7 37. Rg8 Be6 38. R1g7+
Kd6 39. Rd8+ Kc6 40. Rg6 Nc2+ 41. Kc4 b5+ 42. Kb3 Nd4+ 43. Ka2 Nc3+ 44. Ka3 Nd5
45. Rg1 b4+ 46. Ka4 Bd7 47. Rc1+ Kd6+ 48. Ka5 Nb3+ 49. Ka6 Nxc1 50. Kb7 Nb3 51.
Rh8 Bc6+ 52. Kb8 Nc5 53. Rxh6+ Kd7 54. Rh7+ Ne7 55. h4 Na6+ 56. Kxa7 Nc5 57. h5
Ne6 58. Rf7 Ke8 59. Rh7 Nf8 60. Rg7 Bf3 61. h6 Nf5 62. h7 Nxh7 63. Rxh7 c5 64.
Rh8+ Ke7 65. Rc8 Kd6 66. Kb6 Ne7 67. Rxc5 Nd5+ 68. Kb5 Be2+ 69. Rc4 Bxc4+ 70.
Kxc4 Kc6 71. Kd4 Nb6 72. Kd3 Kc5 73. b3 Nc8 74. Ke4 Nd6+ 75. Ke5 Nb5 76. Ke6
Nd4+ 77. Ke5 Nxb3 78. Kf5 Nd4+ 79. Ke5 b3 80. Kf6 b2 81. Ke7 b1=Q 82. Kd7 Qb6
83. Ke7 Qd6+ 84. Ke8 Qc7 85. Kf8 Qd7 86. Kg8 Qe7 87. Kh8 Kd6 88. Kg8 Ke6 89.
Kh8 Kf6 90. Kg8 Qg7# 0-1

[Event "CYCC U12 w"]
[Site "Windsor CAN"]
[Date "2010.07.08"]
[Round "6"]
[White "Peng, Jackie"]
[Black "Forshaw, Erica"]
[Result "1-0"]
[WhiteElo "1800"]
[BlackElo "1152"]
[PlyCount "109"]
[EventDate "2010.07.06"]
[EventType "tourn"]
[EventRounds "6"]
[EventCountry "CAN"]

1. e4 e5 2. Nf3 Nc6 3. Bc4 Nf6 4. Ng5 d5 5. exd5 Nxd5 6. d4 Nxd4 7. c3 b5 8.
Bxd5 Qxd5 9. cxd4 Qxg2 10. Qf3 Qxf3 11. Nxf3 Bb7 12. Ke2 exd4 13. Rd1 Bxf3+ 14.
Kxf3 O-O-O 15. Na3 Bxa3 16. bxa3 c5 17. Bb2 Rd5 18. Rac1 Rhd8 19. Rd2 g6 20. a4
bxa4 21. Rdc2 Rf5+ 22. Kg2 Rg5+ 23. Kf1 Rdd5 24. Ba3 Kd7 25. Rxc5 Rxc5 26. Rxc5
Rg4 27. Ke2 Rg2 28. Rd5+ Ke6 29. Rxd4 Rxh2 30. Rxa4 h5 31. Ra6+ Kf5 32. Rxa7 h4
33. Rxf7+ Kg4 34. Rg7 Kh5 35. Re7 h3 36. Kf3 Kh6 37. Rf7 Rg2 38. Bf8+ Kg5 39.
Rh7 Kf5 40. Rxh3 Rg1 41. Rh7 Ra1 42. Ra7 g5 43. a4 g4+ 44. Kg2 Ke6 45. a5 Kd5
46. Ra8 Kc6 47. Bb4 Kb5 48. Bd2 Ra2 49. Be3 Kc6 50. a6 Kc7 51. a7 Ra4 52. Rg8
Kb7 53. Rb8+ Kc7 54. a8=Q Rxa8 55. Rxa8 1-0

[Event "CYCC U12 w"]
[Site "Windsor CAN"]
[Date "2010.07.08"]
[Round "6"]
[White "Sametova, Zhanna"]
[Black "Bacic, Joyce"]
[Result "1-0"]
[WhiteElo "1428"]
[BlackElo "821"]
[PlyCount "71"]
[EventDate "2010.07.06"]
[EventType "tourn"]
[EventRounds "6"]
[EventCountry "CAN"]

1. e4 e5 2. Nf3 d5 3. exd5 Nf6 4. d4 Nxd5 5. dxe5 Nc6 6. Bb5 Bd7 7. Qxd5 Bb4+
8. Bd2 Be6 9. Bxc6+ bxc6 10. Qxd8+ Rxd8 11. Bxb4 Rd5 12. Nc3 Rd8 13. O-O f5 14.
exf6 gxf6 15. Rfe1 Kf7 16. Rad1 Rde8 17. Nd4 Bg4 18. f3 c5 19. Bxc5 Bc8 20. Nc6
Bb7 21. Nxa7 Re5 22. Rxe5 fxe5 23. Rd7+ Ke6 24. Rxc7 Rb8 25. b4 e4 26. Nxe4 h6
27. Be7 Bd5 28. c4 Rb7 29. cxd5+ Kxd5 30. Rxb7 Kd4 31. Kf2 h5 32. b5 Kc4 33.
Rc7+ Kd4 34. b6 h4 35. Nb5+ Kd3 36. Rc3# 1-0

[Event "CYCC U12 w"]
[Site "Windsor CAN"]
[Date "2010.07.09"]
[Round "7"]
[White "Bacic, Joyce"]
[Black "Croucher, Rebecca"]
[Result "0-1"]
[WhiteElo "821"]
[BlackElo "972"]
[PlyCount "70"]
[EventDate "2010.07.06"]
[EventType "tourn"]
[EventRounds "6"]
[EventCountry "CAN"]

1. d4 d5 2. e4 Nf6 3. exd5 Nxd5 4. Bc4 Be6 5. Nc3 c6 6. Bd3 Nxc3 7. bxc3 Bd5 8.
h4 e6 9. c4 Bxg2 10. Rh2 Qa5+ 11. c3 Qxc3+ 12. Bd2 Qxd4 13. Be3 Qc3+ 14. Ke2
Qb2+ 15. Ke1 Bb4+ 16. Bd2 Bxd2+ 17. Qxd2 Qxa1+ 18. Ke2 Qf1+ 19. Ke3 Qxg1 20.
Rxg2 Qxg2 21. Qb2 Qh3+ 22. Ke4 Nd7 23. Qxb7 Nc5+ 24. Ke5 Nxb7 25. Be4 f6+ 26.
Kd4 Rd8+ 27. Bd5 cxd5 28. cxd5 Rxd5+ 29. Kc4 O-O 30. Kb4 Qg4+ 31. Kc3 Rc8+ 32.
Kb3 Qc4+ 33. Kb2 Rd2+ 34. Ka3 Rd3+ 35. Kb2 Qc1# 0-1

[Event "CYCC U12 w"]
[Site "Windsor CAN"]
[Date "2010.07.09"]
[Round "7"]
[White "Giblon, Melissa"]
[Black "Sametova, Zhanna"]
[Result "0-1"]
[WhiteElo "1344"]
[BlackElo "1428"]
[PlyCount "104"]
[EventDate "2010.07.06"]
[EventType "tourn"]
[EventRounds "6"]
[EventCountry "CAN"]

1. e4 c5 2. Nf3 Nc6 3. d4 cxd4 4. Nxd4 Nf6 5. Nc3 d6 6. Be3 g6 7. f3 Bg7 8. Qd2
O-O 9. O-O-O Bd7 10. g4 Ne8 11. h4 Nxd4 12. Bxd4 Bxd4 13. Qxd4 Ng7 14. h5 Ne6
15. Qd2 Qa5 16. Qh2 g5 17. e5 Nf4 18. exd6 exd6 19. Rxd6 Bc6 20. Be2 Qe5 21.
Rd2 Qe3 22. Rf1 Rad8 23. Bd1 Rfe8 24. Qf2 Rxd2 25. Qxd2 Qxd2+ 26. Kxd2 Rd8+ 27.
Kc1 Ng2 28. Ne4 Ne3 29. Re1 Rxd1+ 30. Rxd1 Nxd1 31. Kxd1 Bxe4 32. fxe4 f6 33.
Kd2 Kf7 34. Kd3 Ke6 35. Kd4 Kd6 36. c4 b6 37. b4 Ke6 38. a4 a6 39. a5 bxa5 40.
c5 axb4 41. Kc4 b3 42. Kxb3 Kd7 43. Kb4 Kc6 44. Kc4 a5 45. h6 a4 46. Kb4 a3 47.
Kxa3 Kxc5 48. Kb3 Kd4 49. e5 fxe5 50. Kc2 Ke3 51. Kd1 Kf2 52. Kc2 e4 0-1

[Event "CYCC U12 w"]
[Site "Windsor CAN"]
[Date "2010.07.09"]
[Round "7"]
[White "Tao, Rachel"]
[Black "Peng, Jackie"]
[Result "0-1"]
[WhiteElo "1186"]
[BlackElo "1800"]
[PlyCount "52"]
[EventDate "2010.07.06"]
[EventType "tourn"]
[EventRounds "6"]
[EventCountry "CAN"]

1. e4 c5 2. Nf3 d6 3. d4 cxd4 4. Nxd4 Nf6 5. Nc3 g6 6. Bd3 Bg7 7. O-O O-O 8. f3
Qb6 9. Be2 e5 10. Be3 exd4 11. Bxd4 Qd8 12. Qd2 Nc6 13. Bxf6 Bxf6 14. Nd5 Bd4+
15. Kh1 Be6 16. Rab1 Bxd5 17. exd5 Bb6 18. dxc6 bxc6 19. Rbd1 Re8 20. Ba6 Qh4
21. Qxd6 Re6 22. Qg3 Qxg3 23. hxg3 g5 24. Bc8 Rxc8 25. Rf2 Bxf2 26. Rd8+ Rxd8
0-1

[Event "CYCC U14"]
[Site "Windsor CAN"]
[Date "2010.07.06"]
[Round "1"]
[White "Chuchin, Sasha"]
[Black "Leu, Richard"]
[Result "0-1"]
[WhiteElo "1480"]
[BlackElo "2036"]
[PlyCount "134"]
[EventDate "2010.07.06"]
[EventType "swiss"]
[EventRounds "7"]
[EventCountry "CAN"]

1. e4 c5 2. Nf3 d6 3. d4 cxd4 4. Nxd4 Nf6 5. Nc3 a6 6. Be2 e6 7. O-O Qc7 8. Be3
Be7 9. a3 Nc6 10. Nxc6 bxc6 11. Rb1 c5 12. Bc4 Bb7 13. f3 Rd8 14. Qe2 d5 15.
exd5 exd5 16. Bxa6 d4 17. Nb5 Qb6 18. Bxb7 Qxb7 19. Bf4 d3 20. Nc7+ Qxc7 21.
Bxc7 dxe2 22. Rfe1 Rd7 23. Ba5 O-O 24. Rxe2 Ra8 25. Bc3 h6 26. Rbe1 Kf8 27. Re5
Rb8 28. b3 Bd6 29. R5e2 Nd5 30. Ba1 Rbd8 31. Rd1 Nc7 32. Red2 Bxh2+ 33. Kxh2
Rxd2 34. Rxd2 Rxd2 35. b4 Rxc2 36. bxc5 Rxc5 37. Bb2 Rc2 38. Bd4 Nb5 39. Be5 f6
40. Bb8 Ke8 41. Kh3 Rc8 42. Bh2 Nxa3 43. f4 Nc4 44. g4 Nd2 45. Bg3 Ne4 46. Be1
g5 47. f5 Kf7 48. Bb4 Nf2+ 49. Kg3 Rc4 50. Bd2 Ne4+ 51. Kh3 Nxd2 52. Kg3 Nf1+
53. Kh3 Rxg4 54. Kxg4 Ne3+ 55. Kh5 Nxf5 56. Kg4 Kg6 57. Kf3 h5 58. Kg2 g4 59.
Kf2 h4 60. Kg2 Nd4 61. Kf2 f5 62. Kg2 h3+ 63. Kf2 f4 64. Kg1 g3 65. Kf1 f3 66.
Kg1 Ne2+ 67. Kh1 g2+ 0-1

[Event "CYCC U14"]
[Site "Windsor CAN"]
[Date "2010.07.06"]
[Round "1"]
[White "Florea, Alexandru"]
[Black "Cheng, Guy"]
[Result "1-0"]
[WhiteElo "2076"]
[BlackElo "1404"]
[PlyCount "99"]
[EventDate "2010.07.06"]
[EventType "swiss"]
[EventRounds "7"]
[EventCountry "CAN"]

1. e4 c5 2. Nc3 d6 3. f4 Nf6 4. Nf3 a6 5. a4 Nc6 6. Bc4 e6 7. d3 d5 8. Bb3 Nd4
9. e5 Nxb3 10. cxb3 Nd7 11. O-O Qb6 12. a5 Qa7 13. Qe1 Nb8 14. Na4 Nc6 15. Nb6
Rb8 16. Bd2 Be7 17. Qg3 Rg8 18. Qf2 d4 19. Ng5 Bxg5 20. fxg5 Rf8 21. Nc4 Kd7
22. Qh4 b5 23. axb6 Rxb6 24. Nxb6+ Qxb6 25. Qxh7 Qxb3 26. Qxg7 Ke8 27. g6 Nxe5
28. Qxe5 Qxb2 29. gxf7+ Rxf7 30. Qh8+ Ke7 31. Bg5+ Kd6 32. Qxc8 Rxf1+ 33. Rxf1
Qb6 34. Bf4+ e5 35. Qf8+ Kd7 36. Bxe5 c4 37. Rf7+ Kc6 38. Rf6+ Kb5 39. Rxb6+
Kxb6 40. Qb4+ Kc6 41. Qxc4+ Kb6 42. Bxd4+ Ka5 43. Bb6+ Kxb6 44. d4 Ka5 45. d5
Kb6 46. d6 a5 47. d7 Kb7 48. d8=Q a4 49. Qb5+ Ka7 50. Qdb8# 1-0

[Event "CYCC U14"]
[Site "Windsor CAN"]
[Date "2010.07.06"]
[Round "1"]
[White "Gagnon, Justin"]
[Black "Jeyapragasan, Kuhan"]
[Result "1-0"]
[WhiteElo "1824"]
[BlackElo "1147"]
[PlyCount "165"]
[EventDate "2010.07.06"]
[EventType "swiss"]
[EventRounds "7"]
[EventCountry "CAN"]

1. b3 d5 2. Bb2 Nc6 3. e3 e5 4. Bb5 Bd6 5. Bxc6+ bxc6 6. d3 Ne7 7. Nf3 f6 8.
Nbd2 O-O 9. Qe2 Re8 10. O-O-O Ng6 11. Rhe1 Qe7 12. h3 Ba3 13. c4 Ba6 14. Nb1
Bb4 15. Bc3 Bxc3 16. Nxc3 Rad8 17. Qc2 Bb7 18. Na4 Qa3+ 19. Qb2 Qxb2+ 20. Kxb2
Rb8 21. Nc5 Nf8 22. Nd2 Ne6 23. Nxe6 Rxe6 24. c5 Ba6 25. d4 Rbe8 26. Nf3 e4 27.
Nd2 f5 28. g3 g5 29. Rh1 Bc8 30. h4 h6 31. hxg5 hxg5 32. Rh5 Rg6 33. Rdh1 Rf8
34. Rh8+ Kf7 35. R1h7+ Rg7 36. Rxf8+ Kxf8 37. Rh6 Bd7 38. Kc1 Kf7 39. Kd1 Rg6
40. Rxg6 Kxg6 41. Nb1 Kh5 42. Ke1 Kg4 43. Na3 Bc8 44. Nc2 Kf3 45. Nb4 Bb7 46.
a4 a5 47. Nc2 Ba6 48. b4 axb4 49. Nxb4 Bb7 50. a5 f4 51. gxf4 gxf4 52. exf4
Kxf4 53. a6 Bc8 54. a7 Bb7 55. Ke2 Kf5 56. Ke3 Ke6 57. Nc2 Kd7 58. Na1 Kc8 59.
Nb3 Ba8 60. Na5 Kd7 61. Kf4 Ke7 62. Kg5 Ke6 63. Kg6 Ke7 64. Kf5 Kf7 65. Ke5 Ke7
66. Nb3 Kd7 67. Nd2 Kc8 68. Nxe4 dxe4 69. Kxe4 Kb7 70. f4 Kc8 71. Ke5 Kd8 72.
Kf6 Kc8 73. Ke7 Kb7 74. f5 Kxa7 75. f6 Ka6 76. f7 Kb5 77. f8=Q Bb7 78. Qb8 Ka6
79. Qxc7 Ka7 80. Kd6 Ka8 81. Qxc6 Bxc6 82. Kxc6 Kb8 83. Kd7 1-0

[Event "CYCC U14"]
[Site "Windsor CAN"]
[Date "2010.07.06"]
[Round "1"]
[White "Granville, Matt"]
[Black "Farrant-Diaz, Nathan"]
[Result "0-1"]
[WhiteElo "893"]
[BlackElo "1716"]
[PlyCount "37"]
[EventDate "2010.07.06"]
[EventType "swiss"]
[EventRounds "7"]
[EventCountry "CAN"]

1. e3 e5 2. Be2 d5 3. Bh5 Nf6 4. Nf3 Nxh5 5. Nxe5 Nf6 6. h4 Bd6 7. Nd3 Qe7 8.
f3 Bg3+ 9. Kf1 Nc6 10. Rh3 Bxh3 11. c3 Bf5 12. f4 Bxf4 13. exf4 Bxd3+ 14. Kg1
Qc5+ 15. Kh2 Qf2 16. b3 Qxh4+ 17. Kg1 Qxf4 18. g3 Qxg3+ 19. Kh1 0-1

[Event "CYCC U14"]
[Site "Windsor CAN"]
[Date "2010.07.06"]
[Round "1"]
[White "Haggith, Robert"]
[Black "Chan, Alex"]
[Result "0-1"]
[WhiteElo "906"]
[BlackElo "1820"]
[PlyCount "30"]
[EventDate "2010.07.06"]
[EventType "swiss"]
[EventRounds "7"]
[EventCountry "CAN"]

1. e4 e5 2. Nf3 Nc6 3. Bb5 a6 4. Bxc6 dxc6 5. O-O f6 6. d4 exd4 7. Nxd4 Bd6 8.
Re1 Ne7 9. e5 Bxe5 10. Rxe5 fxe5 11. Qh5+ Ng6 12. Bg5 Qxd4 13. c3 Qb6 14. Be3
Qxb2 15. Bd4 Qc1+ 0-1

[Event "CYCC U14"]
[Site "Windsor CAN"]
[Date "2010.07.06"]
[Round "1"]
[White "Itkin, David"]
[Black "Bao, Tony"]
[Result "1-0"]
[WhiteElo "1966"]
[BlackElo "1221"]
[PlyCount "53"]
[EventDate "2010.07.06"]
[EventType "swiss"]
[EventRounds "7"]
[EventCountry "CAN"]

1. e4 d5 2. exd5 Nf6 3. Be2 Nxd5 4. d4 g6 5. Nf3 Bg7 6. h3 Nc6 7. c4 Nb6 8. Be3
O-O 9. Nc3 e5 10. d5 Ne7 11. Qd2 Nf5 12. Bc5 Re8 13. O-O Nd7 14. Ba3 b6 15. Ne4
Nf6 16. Nfg5 Bf8 17. Bxf8 Rxf8 18. f4 Nxe4 19. Nxe4 f6 20. fxe5 fxe5 21. g4 Nd4
22. Rxf8+ Qxf8 23. Rf1 Qe7 24. Nf6+ Kg7 25. Bd3 Ba6 26. Qg5 Rh8 27. Nh5+ 1-0

[Event "CYCC U14"]
[Site "Windsor CAN"]
[Date "2010.07.06"]
[Round "1"]
[White "Posaratnanathan, Juliaan"]
[Black "Schneider, Corin"]
[Result "0-1"]
[WhiteElo "1768"]
[BlackElo "1630"]
[PlyCount "108"]
[EventDate "2010.07.06"]
[EventType "swiss"]
[EventRounds "7"]
[EventCountry "CAN"]

1. e4 c5 2. Nf3 e6 3. d4 cxd4 4. Nxd4 a6 5. Bd3 Nc6 6. Nf3 Qc7 7. Nc3 b5 8. a3
Bd6 9. Bxb5 axb5 10. Nxb5 Qa5+ 11. Qd2 Bb4 12. Nc3 Bxc3 13. Qxc3 Qxc3+ 14. bxc3
Nf6 15. e5 Nd5 16. Bd2 Ba6 17. Kd1 O-O 18. Re1 Nb6 19. Nd4 Rfc8 20. f4 Nxd4 21.
cxd4 Bb7 22. g3 Nc4 23. Bb4 Ra4 24. c3 Rca8 25. Kc2 Nxa3+ 26. Kb3 Bd5+ 27. c4
Bxc4+ 28. Kc3 Nb5+ 29. Kxc4 Rxa1 30. Rxa1 Rxa1 31. Kxb5 Rh1 32. Be7 Rxh2 33.
Kc4 h6 34. Kd3 Rh3 35. Bh4 g5 36. fxg5 hxg5 37. Bxg5 Rxg3+ 38. Be3 Kg7 39. Ke4
f6 40. exf6+ Kxf6 41. Bf4 Rg4 42. Kf3 Kf5 43. Be3 d6 44. Ke2 e5 45. dxe5 Kxe5
46. Bc1 Ke4 47. Ba3 d5 48. Bc5 d4 49. Bb4 Rg2+ 50. Kd1 Ke3 51. Bc5 Kd3 52. Kc1
Kc3 53. Kd1 d3 54. Ke1 d2+ 0-1

[Event "CYCC U14"]
[Site "Windsor CAN"]
[Date "2010.07.06"]
[Round "1"]
[White "Qin, Zi Yi (Joey)"]
[Black "Zhao, Donovan"]
[Result "1/2-1/2"]
[WhiteElo "2340"]
[BlackElo "1656"]
[PlyCount "96"]
[EventDate "2010.07.06"]
[EventType "swiss"]
[EventRounds "7"]
[EventCountry "CAN"]

1. e4 d6 2. d4 Nf6 3. Nc3 g6 4. f3 c6 5. Be3 b5 6. Qd2 Nbd7 7. g4 h6 8. h4 Qc7
9. Nh3 h5 10. g5 Nh7 11. a4 b4 12. Ne2 a5 13. Nhf4 Bg7 14. Ng3 Nhf8 15. Bd3 Nb6
16. b3 Ne6 17. Nxe6 Bxe6 18. Ne2 c5 19. Bb5+ Bd7 20. Bxd7+ Nxd7 21. O-O-O c4
22. Kb1 O-O 23. f4 Nb6 24. d5 Nxa4 25. bxa4 Qd7 26. Bd4 Rfc8 27. Bxg7 Kxg7 28.
f5 Qxa4 29. fxg6 fxg6 30. Nd4 c3 31. Ne6+ Kf7 32. Qf4+ Ke8 33. e5 dxe5 34. Qxe5
Qa3 35. Ng7+ Kd8 36. Ne6+ Kd7 37. Nc5+ Rxc5 38. Qe6+ Kd8 39. Qg8+ Kc7 40. d6+
Kb6 41. Qa2 Qxa2+ 42. Kxa2 exd6 43. Rxd6+ Rc6 44. Rd5 Rac8 45. Re1 Rc5 46. Rd7
R8c7 47. Rd8 Kb7 48. Kb3 Rc8 1/2-1/2